000
00326nam a2200145Ia 4500
003
OSt
005
20240229100611.0
008
170524s9999 xx 000 0 und d
020
_a
978-9392204005
040
_c
iimtu meerut
100
_a
Rajendra
245
0
_a
Lok Sampark
260
_b
CHANDIGAUR HARIYANANA
942
_2
ddc
_c
02
999
_c
8953
_d
8953